LEADER 01272nam a2200289 i 4500 001 000000174567 003 CaOOAMICUS 005 20181115155500.0 008 081106s1962 it u000 u ita u 013 $a152043 040 $aSeMil$bita 100 1 $aIsambert, Andre <1924-2017>.$0(OLS)http://semarc/name/93639 240 13$aLe guide des parents.$0(OLS)http://semarc/title/250239 245 10$aGuida dei genitori e degli educatori /$c[scritti di] A. Isambert ... [et al.]. 260 $aMilano :$bIstituto «La Casa»,$cstampa 1962. 300 $a861 p., [15] p. di tav. :$bill. ;$c22 cm. 490 0 $aLa piramide [Istituto La casa] 500 $aNell'ed. italiana capitoli aggiunti di S. Bigatello, S. Riva, R. Baschera. 650 4$aEducazione.$0(OLS)http://semarc/subject/204 650 4$aPsicologia infantile.$0(OLS)http://semarc/subject/6507 830 3$aLa piramide.$0(OLS)http://semarc/title/419905 850 $aSeMil 852 $aSeMil$W1$xVenegono$y1$m2Q III 484$j125403$B125403$CSeMilBibl$Z2$F143596 $81 961 $aOmaggio: Giavini Don Emilio 996 $6245$aGuida dei genitori e degli educatori$9(OLS)http://semarc/title/250238 996 $6260$aMilano :$bIstituto «La Casa»$9(OLS)http://semarc/publisher/31690 LEADER 00441nab a2200145 i 4500 001 000000260582 003 CaOOAMICUS 005 20050318000000.0 008 050318n xx uu u0 0und r 013 $a1349 040 $aSeMil$bita 245 10$a[SENZA TITOLO]. 500 $aJanuary 2005. 773 0 $t[2005.$dWashington : The Catholic Biblical Association of America, copyr. 2005.$w()116790 996 $6245$a[SENZA TITOLO]$9(OLS)http://semarc/title/354609 LEADER 00836nam a2200193 i 4500 001 000000011434 003 CaOOAMICUS 005 20180830125440.0 008 180830s1923 it u000 u ita u 040 $aSeMil$bita 100 1 $aBarbagallo, Corrado <1877-1952>.$0(OLS)http://semarc/name/1316 245 13$aIl tramonto di una civiltà o la fine della Grecia Antica /$cCorrado Barbagallo. 260 $aFirenze :$bLe Monnier,$c1923. 300 $av. ;$c19 cm. 650 4$aGrecia antica - Storia.$0(OLS)http://semarc/subject/114 774 0 $aBarbagallo, Corrado <1877-1952>$tVolume primo.$w()125468 774 0 $aBarbagallo, Corrado <1877-1952>$tVol. 2.$w()125470 996 $6245$aIl tramonto di una civiltà o la fine della Grecia Antica$9(OLS)http://semarc/title/15123 996 $6260$aFirenze :$bLe Monnier$9(OLS)http://semarc/publisher/30060 LEADER 00884nam a2200205 i 4500 001 000000189488 003 CaOOAMICUS 005 20100510000000.0 008 100510s1975 fr u000 u fre u 013 $a167762 040 $aSeMil$bita 100 1 $aCourcelle, Pierre,$d<1912-1980>.$0(OLS)http://semarc/name/10417 245 10$a[Tome 2]. 300 $aVIII, P. 296-530. 490 0 $aCollection d'Études augustiniennes. Série antiquité 773 0 $aCourcelle, Pierre <1912-1980>$tConnais-toi toi-même.$dParis : Études Augustiniennes, 1974-1975.$kCollection d'Études augustiniennes. Série antiquité$g2$w()23334 830 0$aCollection d'Études augustiniennes. Série antiquité.$0(OLS)http://semarc/title/9394 850 $aSeMil 852 $aSeMil$W1$xVenegono$y1$m2T V 189$j140119$B140119$CSeMilBibl$Z2$F151717 $81 996 $6245$a[Tome 2]$9(OLS)http://semarc/title/143603